| 000 | 00907nam a22002297a 4500 | ||
|---|---|---|---|
| 005 | 20230130142322.0 | ||
| 008 | 230130s2012 wiu |||gr|||| 00| 0 eng d | ||
| 020 | _a9781617804649 | ||
| 040 |
_aCO-BoUCM _bspa _cDeissy Garcia _dDeissy Garcia |
||
| 041 | 0 | _aeng | |
| 100 | 1 |
_9176660 _aLadd, David |
|
| 245 |
_aFootlight dreams _bfollowing your passion for a career in musical theatre a guide for performers, parents and teachers _cDavid Ladd |
||
| 260 |
_aMilwaukee _bHal Leonard _c2012 |
||
| 300 | _aviii, 96 páginas | ||
| 504 | _aIncluye referencias bibliográficas | ||
| 650 | 7 |
_aTeatro musical _xOrientación vocacional _9176661 |
|
| 650 | 7 |
_aMúsica _xOrientación vocacional _9176662 |
|
| 650 | 7 |
_aActuación _xOrientación vocacional _9176663 |
|
| 650 | 7 |
_aBaile _xOrientación vocacional _9176664 |
|
| 942 |
_2DEWEY _a17 _cLIBRO _e1 _h792.60293 _mL154f _n0 |
||
| 999 |
_c322056 _d322056 |
||